00445nam a2200157Ia 4500008004100000020001800041082001400059100003600073245005900109250000800168260003900176300002300215500001900238600001500257650001500272240925s9999 xx 000 0 und d a9780273757825 a658.3 WIL aWilkinson, Adrian ; Redman, Tom 0aContemporary Human Resource Management: text and cases a4th aHarlow:bPearson Educationc,2013. a336p.b0fOriginal aIncludes Index aManagement aManagement